01006nam a2200265 a 450000100100000000500170001000800410002702000150006804000250008308200240010810000370013224500990016925000110026826000450027930000280032450000520035250000420040450400320044665100370047865100600051565000330057565100490060865100500065770000330070700000305220250621074004.0090706s2005 dr a 000 0 spa d z999344510X aDO-SdBNPbspacBNPHU a972.93bD542f, 20051 aDíaz, Nelson Enríque,d1950-10aFundamentos de la historia social dominicana /cNelson Enríquez Díaz, Silverio González. a3a ed. aSanto Domingo :bEditorial Surco,c2005. a428 p. :bil. ;c24 cm. aIncluye ejercicios al final de los capítulos. aIncluye notas al pie de las páginas aBibliografía : p. 423-428 4aRepública DominicanaxHistoria 4aRepública DominicanaxHistoriaxEstudio Y Enseñanza 4aCiencias sociales e historia 4aRepública DominicanaxCondiciones Sociales 0aRepública DominicanaxPolítica y gobierno1 aGonzález, Silverio,d1957-